000 00714nab a2200217u 4500
001 20494
003 HDC
007 c| |||a|c|aaaa
008 210304b20100814my ||||o |||| 00| 0 eng d
040 _aHDC
245 0 _aCanada: 'Everything is halal' at Muslim grocery store
336 _atext
_2rdacontent
337 _acomputer
_2rdamedia
338 _aonline resource
_2rdacarrier
650 _ahalal and kosher meat market
_918524
650 _aHalal Meat Centre
_918523
856 _zRequest full-text at [email protected]
942 _2lcc
942 _cNEWS
942 _kNWS0 004904
999 _c17810
_d17810